000 00498nam a2200205Ia 4500
003 GCL
008 140319s9999 xx 000 0 eng d
040 _aGCL /
_cGCL
082 0 4 _a938
_bC D
100 1 _aCARLIER, PIERRE
245 1 0 _aDEMOSTHENE /
_cCARLIER, PIERRE
260 _a[S.N] :
_bFAYARD ،
_c1998
300 _a382 P
650 0 4 _aGREECE
650 0 4 _aHISTORY, GREEK
650 0 4 _aDEMOSTHENE
650 0 4 _aGREECE ANCIENT- HISTORY
650 0 4 _aHISTORY, GREECE
942 _2ddc
_cBK
999 _c24750
_d24750